Statistiken für Top 60 deutsche Mannschaften nach Zuschauerschnitt

Klicken Sie hier um das Quiz zu spielen!

Allgemein

  • Dieses Quiz wurde 40 mal gespielt
  • Das Durchschnittsergebnis liegt bei 42 aus 60

Antwortstatistiken

MannschaftSchnitt% Korrekt
2.FC Bayern München75.000
100%
1.Borussia Dortmund81.280
97%
5.Hamburger SV55.526
97%
8.1. FC Köln49.827
95%
7.Borussia Mönchengladbach50.350
95%
4.Eintracht Frankfurt56.645
95%
3.FC Schalke 0461.385
95%
6.VfB Stuttgart53.600
95%
28.1. FC Union Berlin21.861
92%
15.Hannover 9635.082
92%
9.Hertha BSC46.364
92%
14.1. FC Nürnberg35.171
90%
12.Werder Bremen41.542
90%
17.Bayer 04 Leverkusen29.978
87%
16.SC Freiburg34.267
87%
22.VfL Wolfsburg26.224
87%
19.FC St. Pauli29.418
85%
11.1. FC Kaiserslautern43.512
82%
21.Dynamo Dresden28.009
82%
10.RB Leipzig44.899
82%
41.1. FC Saarbrücken10.630
79%
13.Fortuna Düsseldorf37.023
79%
37.Holstein Kiel13.412
79%
36.1. FC Heidenheim14.799
77%
32.Rot-Weiß Essen16.284
77%
30.SV Darmstadt 9817.713
77%
18.1. FSV Mainz 0529.529
74%
27.TSG Hoffenheim22.925
74%
20.FC Augsburg28.812
72%
24.Karlsruher SC25.675
72%
25.VfL Bochum25.650
72%
26.1. FC Magdeburg24.442
69%
29.Eintracht Braunschweig20.380
69%
40.SpVgg Greuther Fürth11.627
69%
38.SC Paderborn12.908
67%
44.Waldhof Mannheim9.319
67%
39.MSV Duisburg11.770
64%
34.VfL Osnabrück15.508
64%
33.Alemannia Aachen16.267
62%
47.Jahn Regensburg8.356
62%
35.TSV 1860 München15.000
62%
31.Arminia Bielefeld16.989
59%
55.VfB Lübeck5.624
59%
49.Hallescher FC7.761
56%
42.Preußen Münster10.048
56%
48.SSV Ulm 18468.211
56%
43.Wehen Wiesbaden9.365
56%
45.FC Erzgebirge Aue9.005
54%
23.FC Hansa Rostock25.868
54%
46.SV Elversberg8.854
54%
54.FC Ingolstadt5.872
51%
60.SV Sandhausen4.167
49%
52.Rot-Weiß Erfurt6.008
46%
57.Chemnitzer FC4.787
41%
50.FC Energie Cottbus6.378
38%
58.FC Carl Zeiss Jena4.659
36%
51.Kickers Offenbach6.361
31%
53.SV Meppen5.917
21%
56.FSV Zwickau5.137
15%
59.Stuttgarter Kickers4.510
15%

Verteilung der Resultate

Perzentil nach korrekt beantworteten Fragen

Anzahl Personen mit jedem Resultat

Ihre Resultats-Entwicklung

Sie haben dieses Quiz noch nicht gespielt